Kavramlar savaşı ve sosyal uzlaşma yobazlığın neresindeyiz / (Record no. 15933)

MARC details
000 -BAŞLIK
Sabit Uzunlukta Kontrol Alanı 00717nam a22002297a 4500
999 ## - SİSTEM KONTROL NUMARALARI (KOHA)
Koha Biblionumber 15933
Koha Biblioitemnumber 15934
003 - KONTROL NUMARASI IDENTIFIER
Denetim Alanı MIRAKIL
005 - SON İŞLEM TARİHİ VE ZAMANI
Denetim Alanı 20240429120758.0
008 - SABİT-BOY VERİ ELEMANLARI - GENEL BİLGİLER
Sabit Uzunlukta Kontrol Alanı 240424b tu ||||| |||| 00| 0 tur d
020 ## - ULUSLARARASI STANDART KİTAP NUMARASI
Uluslararası Standart Kitap Numarası 9789750132803
040 ## - KATALOGLAMA KAYNAK
Orijinal Kataloglama Ajansı TR-AnCHP
Metne Dönüştürmek Ajansı TR-AnCHP
041 ## - DİL KODU
Metin / Ses Parça Veya Ayrı Başlığın Dil Kodu tur
082 ## - DEWEY ONLU SINIFLANDIRMA NUMARASI
Sınıflandırma Numarası 177
Ürün Numarası G74k 2014
100 ## - ANA GİRİŞ - KİŞİSEL İSİM
Kişisel Ad Gökçe, Ali
245 10 - BAŞLIK TABLOSU
Başlık Kavramlar savaşı ve sosyal uzlaşma yobazlığın neresindeyiz /
Sorumluluk Tablosu, Vb Dr. Ali Gökçe.
260 ## - YAYIN, DAĞITIM, VB
Yayın, Dağıtım, Vb Yeri Adana :
Yayıncı, Dağıtıcı, Vs Adı [Yayınevi Yok],
Yayın, Dağıtım, Vb Tarihi 2014.
300 ## - FİZİKSEL TANIM
Kapsam 136 s. ;
Boyutlar 21 cm.
650 #0 - KONU KATMA GİRİŞ - TOPİKAL DÖNEM
9 (RLIN) 8016
Topikal Süreli Veya Coğrafi Ad Giriş Elemanı Kavramsal savaş
650 #0 - KONU KATMA GİRİŞ - TOPİKAL DÖNEM
9 (RLIN) 8018
Topikal Süreli Veya Coğrafi Ad Giriş Elemanı Yobazlık
650 #0 - KONU KATMA GİRİŞ - TOPİKAL DÖNEM
9 (RLIN) 8017
Topikal Süreli Veya Coğrafi Ad Giriş Elemanı Sosyal uzlaşma
856 ## - ELEKTRONİK YER VE ERİŞİM
Kamu Notu Dijital Nüshası için Partimizin Kütüphane Sorumlusu ile iletişime geçiniz.
942 ## - EKLENDİ GİRİŞ ELEMANLARI (KOHA)
Sınıflandırma Veya Raf Düzeni Kaynak Dewey Decimal Classification
Koha Öğesi Türü Books
Holdings
Kalıcı Konum Mevcut Konum Edinme Tarihi Toplam Check-Out'Lar Tam Çağrı Numarası Barkod Tarih Son Görülme İtibaren Geçerli Fiyatlar Koha Öğesi Türü
CHP Kütüphanesi CHP Kütüphanesi 04/24/2024   177 G74k 2014 21895 04/24/2024 04/24/2024 Books